[Event "Corus Chess B 2008"]
[Site "Wijk aan Zee"]
[Date "2008.01.17"]
[Round "5"]
[White "Smeets, Jan"]
[Black "Bacrot, Etienne"]
[Result "0-1"]
[WhiteElo "2573"]
[BlackElo "2700"]
[Annotator "Ëåáåäåâ Âàñèëèé"]
[PlyCount "76"]
[EventDate "2008.01.??"]

1. e4 e5 2. Nf3 Nc6 3. Bb5 a6 4. Ba4 Nf6 5. O-O Be7 6. Re1 b5 7. Bb3 O-O 8. c3
{Ïîñëå Êóáêà ìèðà áåëûå ñòàëè ñìåëûå. È ëåãêî äîïóñêàþò àòàêó Ìàðøàëëà.
Ðàñõðàáðèëèñü, ïîíèìàåøü ëè! Ïîðà, çíàåòå, ïðèâåñòè èõ â ÷óâñòâî!} d5 9. exd5
Nxd5 10. Nxe5 Nxe5 11. Rxe5 c6 12. d3 $1 {
Ñ ë¸ãêîé ðóêè Àëåêñåÿ Øèðîâà ýòîò íåïðèòÿçàòåëüíûé õîä âîø¸ë â ìîäó.} Bd6 13.
Re1 Bf5 14. Qf3 Qh4 15. g3 Qh3 16. Bxd5 ({À â ýòî âðåìÿ, â ëîíäîíñêèõ ïîäâàëàõ.
.. Òî åñòü â òóðíèðå «À» Ïåòåð Ëåêî äîêàçûâàë Þäèò Ïîëãàð, ÷òî ïîñëå} 16.
Be3 {÷¸ðíûå â ïîðÿäêå.} Bxd3 17. Nd2 Qf5 18. Rad1 Rfe8 19. Qxf5 Bxf5 20. Bxd5
cxd5 21. Nb3 Be6 22. Bc5 Bc7 23. Nd4 Rac8 24. b4 Bd7 25. Nc2 Rxe1+ 26. Rxe1 Re8
27. Rxe8+ Bxe8 28. Ne3 Bd8 29. Nxd5 Bc6 30. Ne3 Bf3 31. Nf5 Be4 32. Ne3 Bf3 33.
Bd4 Bg5 34. Nf5 g6 35. Be3 {, è çäåñü ïîñëåäîâàëî ñîãëàøåíèå íà íè÷üþ.})
16... cxd5 17. Qxd5 Rad8 18. Qg2 Qh5 ({Ýíäøïèëü ïîñëå} 18... Qxg2+ {
âîâñå íå òàê óæ ïðîñò.} 19. Kxg2 Bxd3 20. Be3 Rfe8 21. Nd2 b4 $5 ({
íîâèíêà óæå ýòîãî òóðíèðà; íå óäåðæàëè ïîçèöèþ ÷¸ðíûå ïîñëå} 21... f6 22. Bb6
Rb8 23. Rxe8+ Rxe8 24. Nb3 Bc4 25. Rd1 Bf8 26. Be3 {
- 1-0 Shirov,A (2739) - Karjakin,S (2694)/Khanty-Mansiysk RUS 2007 (70)}) {
Âïðî÷åì, ïîñëå} 22. Bd4 bxc3 23. Bxc3 f6 24. Rad1 Rxe1 25. Rxe1 Kf7 {
ñöåíàðèé íà áëèæàéøèå ìèëëèîí õîäîâ ýòîé ïàðòèè ÿñåí: ÷¸ðíûå ïûòàþòñÿ
óïîëçòè íà íè÷üþ, ÷òî â äàííîì êîíêðåòíîì ïîåäèíêå èì ñäåëàòü óäàëîñü - 1/2
Stellwagen,D (2625) - Harikrishna,P (2664)/Wijk aan Zee NED 2008 (50)}) 19. Be3
Bh3 $1 $146 {Íàñòóïèëà ýïîõà âîçðîæäåíèå àòàêè Ìàðøàëëà ïîñëå
õàíòû-ìàíñèéñêîãî ïåðèðîäà óïàäêà?} ({Îïÿòü æå, åñëè ñóäèòü ïî ðåçóëüòàòàì, òî
âåñüìà ïîäîçðèòåëüíû äåëà ÷¸ðíûõ ïîñëå} 19... Bxd3 20. Nd2 Bf5 (20... b4 $5)
21. Qc6 Be6 (21... Bh3 22. a4 $1 (22. Bd4 Bb8 23. Re3 Rd6 24. Qb7 Bd7 25. Qf3
Bg4 26. Qg2 Bh3 27. Qf3 Bg4 28. Qg2 {
1/2 Smeets,J (2538) - Khalifman,A (2632)/Amsterdam NED 2007}) 22... Bb8 23.
axb5 axb5 24. Ra5 Bd7 25. Qc5 Qg6 26. Qg5 Qd3 27. Bd4 f6 28. Qd5+ Kh8 29. Nb3
Rde8 30. Raa1 Bg4 31. Nc5 Rxe1+ 32. Rxe1 Qd2 33. Qe4 h5 34. Kg2 Bd6 35. h3 Bc8
36. Re2 Qg5 37. Ne6 Bxe6 38. Qxe6 Bb8 39. h4 Qg6 40. Qd5 {
1-0 Stellwagen,D (2639) - Pashikian,A (2534)/Yerevan ARM 2007}) 22. Qxa6 Qd5
23. Qb6 Bh3 24. f3 f5 25. Qd4 Qc6 26. Qh4 Bc5 27. Bd4 Bxd4+ 28. cxd4 Qc2 29.
Red1 Qxb2 30. Qxh3 Qxd4+ 31. Kh1 Rd5 32. Qf1 Rfd8 33. Rac1 Qd3 34. Qe1 h6 35.
Kg2 Qa3 36. Nb1 Qxa2+ 37. Kh3 b4 38. Qe6+ Kh7 39. Rc7 f4 40. Qe4+ Kh8 41. Rxd5
Qxd5 42. Qxd5 Rxd5 43. Rc2 {
(1-0 Shirov,A (2739) - Jakovenko,D (2710)/Khanty-Mansiysk RUS 2007)}) 20. Qh1 {
«Òåïåðü õîòÿ áû, íèêòî íå ñìîæåò ìåíÿ ïèíàòü», - ïîäóìàë áåëûé ôåðçü,
ñïðÿòàâøèñü â óãîëîê.} ({Êàê âïîëíå ìîãëî áû ñëó÷èòüñÿ ïðè ïðîäîëæåíèè} 20.
Qc6 $5 Rc8 $5 21. Qb7 (21. Qxd6 $4 Qf3 $19) 21... Rc7 22. Qh1 Bd7 ({à âîò} 
22... f5 {òåïåðü ñëàáî -} 23. Qd5+ Rcf7 24. Nd2 {è ò.ä.}) 23. Nd2 Bc6 24. f3 f5
$44 {, âèäèìî, ýòî âñ¸ æå òàê...}) 20... f5 $1 21. Bb6 {
Íå áîÿñü «ïðèçðàêîâ»? Èëè âñ¸ æå ïðîñ÷èòûâàÿñü?} ({«Õëàäíîêðîâíîå»} 21.
Nd2 {äîïóñêàëî} f4 {, ïîñëå ÷åãî ïóòü áåëûõ ê ÷åìó-òî îòëè÷íîìó îò
«áàðàíêè» áûë áû âåñüìà òåðíèñò... Ê ïðèìåðó,} 22. Bb6 f3 $1 23. Bxd8 ({
ñëàáåå} 23. Nxf3 Rb8 24. Ba7 Ra8 25. Ne5 $140 Rxa7 $1 ({âðîäå íåïëîõî è} 25...
Bxe5 $5 {, íî âñ¸ æå íå ñòîëü õîðîøî:} 26. Qd5+ (26. Bc5 Bxg3 $1) 26... Qf7 27.
Qxf7+ Kxf7 28. Rxe5 Rxa7 $15 {Êàê ìèíèìóì.}) 26. Qd5+ Raf7 27. Qxd6 Rxf2 28.
Qd5+ ({î ïåøêàõ ñåé÷àñ äóìàòü íåëüçÿ:} 28. b3 $4 Qf5 $19) 28... Kh8 29. Qe4
Qh6 $1 30. Nf3 ({õîòåëè ïðîëåçòü ôåðç¸ì íà d2; à åñëè} 30. Rad1 {, òî} Qf6 $19)
({èëè} 30. Qh4 Qxh4 31. gxh4 Kg8 $1 {ñ èäååé ñäâîèòüñÿ ëàäüÿìè ïî âòîðîé})
30... Rg2+ 31. Kh1 Rxb2 32. Kg1 {(ãðîçèëî Bg2+)} Qf6 33. Qf4 (33. Qe3 Qc6 $1
$19 ({íî, ðàçóìååòñÿ, íå} 33... Qxf3 $4 34. Qxf3 Rxf3 35. Re8+)) 33... Qd8 $1
34. Qe4 ({èëè} 34. Qd4 Qa8 35. Nh4 Rg2+ $1) 34... Rg2+ 35. Kh1 Rf2 $19 {
Êîíü âûíóæäåí óéòè, íî òîãäà ÷¸ðíûå, êàê ìèíèìóì, ìîãóò âûèãðàòü ôåðçÿ,
øàõíóâ ñëîíîì íà g2, ÷òî, âïðî÷åì, íå ÿâëÿåòñÿ çäåñü ñàìûì ñèëüíûì(} {
íàïðèìåð,} 36. Ne5 ({èëè} 36. Nd4 b4 $1) 36... Qg5 $1 {è ò.ä.)}) 23... Bg2 24.
Qxg2 fxg2 25. Bb6 $1 ({ëó÷øåå; åñëè} 25. Be7 $2 {, òî} Rxf2 $1) ({÷óòü ëó÷øå
} 25. Ba5 {, ïîñëå ÷åãî, ïðàâäà,} Rxf2 {ê ìãíîâåííîìó âûèãðûøó åù¸ íå âåä¸ò:}
26. Kxf2 Qxh2 27. Rg1 Bxg3+ 28. Ke2 Qh5+ 29. Ke3 Qh3 {
È ïîïûòêà ñïàñòè ñëîíà îò «âñêðûøêè» ïóò¸ì} 30. Ke2 $2 {âåä¸ò ê êðàõó ïîñëå}
Qg4+ 31. Nf3 Qe6+ 32. Kd1 Qe3 $19) 25... Qg6 (25... b4 $5) 26. Bd4 Qxd3 27.
Rad1 {ñ ÿðîñòíîé è îáîþäîîñòðîé èãðîé.}) ({À èãðàòü} 21. f4 {, çíà÷èò,
ñîãëàøàòüñÿ íà ðîëü ãðóøè. Íåò, «êîìï» (èãðîê áåç ïðåäðàññóäêîâ) òàê, íàâåðíîå è
ñûãðàë áû, íî ÷åëîâåê...}) 21... Rd7 $5 {Çàäóìûâàÿ äîëãóþ-äîëãóþ àòàêó...} (
{Â ñëó÷àå} 21... f4 22. Bxd8 f3 {áåëûì âîâñå íåò ñìûñëà èñïûòûâàòü
ñîáñòâåííóþ òåõíèêó çàùèòû â õóäøåì ýíäøïèëå ïîñëå} 23. Be7 $6 Bxe7 24. Rxe7
Qh6 $1 {Íà d2!} 25. Re1 (25. Na3 Qd2 $1 26. Rae1 Qxb2 {è ò.ä.}) 25... Bg2 26.
Qxg2 fxg2 27. d4 $140 Rf5 $5 {, ñîáèðàÿñü ïîàòàêîâàòü ïî ëèíèè «h»}) ({
âñ¸ òóò ñîâñåì íå òàê. È ïîñëå} 21... f4 22. Bxd8 f3 {áåëûì íàäî èãðàòü} 23.
Bb6 {ñ èäååé â ñëó÷àå} Bg2 24. Qxg2 fxg2 25. Nd2 {
ïåðåéòè ê óæå ðàññìîòðåííûì âàðèàíòàì.}) 22. Qd5+ Kh8 23. Nd2 (23. Qc6 $5 Bf4
$1 $36 {, è àòàêà ïðîäîëæàåòñÿ...}) 23... Bxg3 $1 24. Qxd7 Bf4 25. Qb7 {
Ïîëå g2 íàäî çàùèùàòü...} Bxd2 26. Bd4 Rg8 27. Re7 {
Áåëûå òîæå õîòÿò àòàêîâàòü...} ({Íè÷üÿ ó íèõ åù¸ åñòü:} 27. Qd5 Bf4 28. Be5
Bg4 $1 29. Bxg7+ $1 Rxg7 ({â ñëó÷àå} 29... Kxg7 $4 {
áåëûå ñìîãóò ñúåñòü ñëîíà íà f4 â ïîäõîäÿùèé ìîìåíò. Ê ïðèìåðó:} 30. Qd4+ Kf8
31. Qb4+ Kg7 32. Qxf4 $18) 30. Qd8+ Rg8 31. Qf6+ Rg7 32. Qf8+ Rg8 $11) ({
À âîò ÷òîáû èãðàòü íà ïîáåäó, ïî-ìîåìó, ñëåäîâàëî ïðîäîëæàòü} 27. Qc6 $1 Bf4
$140 $2 (27... h6 $142 $5) 28. Be5 Bg4 29. Bxg7+ $1 Rxg7 30. Re8+ Qxe8 31.
Qxe8+ Rg8 32. Re1 $1 {è ò.ä.}) 27... Bc1 $1 {
Î÷åíü èçÿùíî, è íàäî òðóáèòü îòáîé -} 28. Re1 ({«Íå ïðîõîäèò»} 28. Bxg7+
Rxg7+ {(øàõ!)} 29. Rxg7 Qd1#) ({À âîò õèòðþùåå} 28. Re2 $5 {
âåä¸ò, êàê âûÿñíèëîñü, ê ïîëíîìó ðàâåíñòâó:} Qxe2 ({èëè} 28... Qg4+ 29. Kh1 Qxe2
30. Rxc1 Bg4 31. Kg2 Bh3+ $1 {ñ ëîãè÷íûì ïîâòîðåíèåì õîäîâ:} 32. Kh1 Bg4 33.
Kg2 $11) 29. Rxc1 Qxb2 $140 30. Re1 Qd2 31. Qe7 f4 32. Kh1 ({
îïÿòü «íå ïðîõîäèò»} 32. Qxg7+ $4 {ââèäó} Rxg7+ {- øàõ!}) 32... h6 $8 33. Rg1
Bg4 $1 {È ïåðåä áåëûìè âñòàë íåë¸ãêèé âûáîð: ñàìèì «âå÷íîøàõîâàòü» èëè áûòü
âå÷íî «çàøàõîâàííûìè»:} 34. Bxg7+ $1 ({èëè} 34. Rxg4 Qd1+ 35. Rg1 Qf3+ 36.
Rg2 Qd1+ 37. Rg1 $11) 34... Rxg7 35. Qe8+ Rg8 36. Qe5+ Kh7 37. Qe7+ Rg7 38.
Qe4+ Kh8 39. Qe8+ {è ò.ä.}) 28... Bf4 $1 {
Ãðîçèò «áàíàëüíîå» ïîæåðòâîâàíèå ñëîíà íà h2...} ({Â ñëó÷àå} 28... Bd2 {
áåëûå ìîãëè íà÷àòü ïîâòîðåíèå:} 29. Re7) 29. Re3 {Ïðàâèëüíî. Ïîêà ïðàâèëüíî...
} ({Íåëüçÿ} 29. Qc6 $2 Bxh2+ $1 30. Kh1 (30. Kxh2 $4 Bg4+ 31. Kg2 Qh3+ 32. Kg1
Bf3 $19) {È òåïåðü íà÷èíàåòñÿ ôàíòàñòèêà:} 30... Be5 $3 31. Kg1 ({
áèòü ñëîíà, ðàçóìååòñÿ, íå ðåêîìåíäóåòñÿ:} 31. Bxe5 Bg4+ 32. Kg2 Qh3+ 33. Kg1
Bf3 {è ò.ä.}) ({ïëîõî è} 31. Re3 Bxd4 32. cxd4 f4 33. Re5 Qh4 $19) 31... Qh6 $3
32. Qxh6 ({ïîñëå} 32. Qb7 {÷¸ðíûå ïîáåæäàþò óæå ñòàíäàðòíûìè ìåòîäàìè} Qg6+
33. Kh1 Bg4 34. Rxe5 Qh5+ 35. Kg1 Bf3 {è ò.ä.}) 32... gxh6+ 33. Kh1 Bg2+ 34.
Kg1 Be4+ 35. Kf1 Bxd3+ 36. Re2 Re8 $1 37. Bxe5+ $140 (37. Be3 f4 $19) 37...
Rxe5 38. Rae1 h5 {, è ïåøêà «íàãëî» èä¸ò ïðÿìèêîì â ôåðçè}) ({Ïëîõî è} 29.
Be5 Bg4 $1 30. Bxf4 Bf3 {è ò.ä.}) 29... Bxe3 30. Bxe3 $6 ({
Ïîõîæå, ÷òî ïðàâèëüíî áûëî} 30. fxe3 $1 {
ïîñëå ÷åãî áåëûå ìîãëè íàäåÿòüñÿ íà ñîòâîðåíèå íè÷üè íàïîäîáèå} Qg4+ (30...
Qe2 $5) 31. Kh1 Qe2 32. a4 Bg4 33. Bxg7+ Rxg7 34. Qb8+ Rg8 35. Qe5+ Rg7 36.
Qe8+ {è ò.ä.}) 30... Re8 $5 {Ýòî ëîâóøêà!} ({
Âåñüìà õèòðîóìíûì ïóò¸ì ÷¸ðíûå ìîãëè çäåñü äàæå âûèãðàòü êà÷åñòâî} 30... Qg4+
{è äàëåå âñ¸ ôîðñèðîâàííî:} 31. Kh1 f4 (31... Qe2 $5) 32. Rg1 $8 Qc8 $1 ({
ìîæíî ñäåëàòü íè÷üþ -} 32... Qe2 33. Bxf4 Bg4 34. Rg3 Qf1+ 35. Rg1 Qe2 $11)
33. Qxc8 Bxc8 34. Bxf4 Bb7+ 35. Rg2 {è ò.ä. Õîòÿ...} b4 $1 {
ñ íàäåæäàìè ãäå-òî òàì äà è ïðîðâàòüñÿ ëàäü¸é...}) 31. Bd4 $2 {
Íó êàê òàêîé õîä â öåéòíîòå íå ñäåëàòü. Íà ìàò æå íàïàäàåì...} ({
Ñìîòðèì è ïðåäëàãàåìîå «êîìïîì» êàê áîëåå óïîðíîå} 31. Qc7 Qe2 32. Qc6 Rg8 {
, è áåëûå ïîïàëè â êàêîé-òî ïîëóöóãöâàíã - ïî÷òè âñå èõ ïåøêè ïîä áîåì,
êîðîëü òîæå æèâ¸ò ñ ðàñïàõíóòûì íà ìîðîç îêíîì. Â îáùåì, äåëà, ÿâíî íå ñàõàð.
Îäíàêî æå ìàòà ôîðñèðîâàííîãî ÷¸ðíûå òóò ïîêà íå ñòàâèëè.}) ({
Íî ëó÷øåé çàùèòîé òóò, ïî âñåé âèäèìîñòè, ÿâëÿëñÿ õîä} 31. Kh1 $5 h6 $1 ({
ïîñëàáåå} 31... Bg4 32. Kg1 Be2 33. Bd4 $132) 32. Rg1 $140 Re7 $1 {
Êðàñèâî íî íå ñ òåì ýôôåêòîì, ÷òî â ïàðòèè.} 33. Qb8+ Kh7 34. Qg3 Bg4 35. h4
Qf7 36. a3 Qd5+ 37. Kh2 Qxd3 38. Bc5 {- ðàçìåí ôåðçåé, «ðàçíîöâåò» è íè÷üÿ?}
) 31... Qg4+ 32. Kh1 h6 $3 {
À âîò ýòî óæå íå ïîëóöóã, à ñàìûé, ÷òî íè íà åñòü ïîëíûé öóöèê áåëûì.} 33. f4
{Èíîãî íåò óæå.} ({Åñëè} 33. Rg1 $4 {, òî, åññòíî,} Qxg1+ $1 34. Kxg1 Re1#) ({
Íà} 33. Be3 {ïðîùå âñåãî} Qe2 34. Rg1 Bg4 {è ò.ä.}) ({Íàêîíåö, â ñëó÷àå} 33.
a4 $4 {ïðîõîäèò îñíîâíàÿ èäåÿ ÷¸ðíûõ:} Kh7 34. axb5 Re7 $1 35. Qc6 Re4 $3 $19
{Òî åñòü:} 36. Rg1 Qxg1+ $1 37. Kxg1 Re1#) 33... Re7 $3 $19 ({Íî íå} 33... Kh7
$2 34. Rg1) 34. Qa8+ $4 $138 ({Òîãî æå ïîøèáà è} 34. Qxe7 Qg2#) ({
Íî íå ñïàñàåò òóò óæå íè÷åãî. Ê ïðèìåðó,} 34. Qc6 Qxf4 35. Qg6 Bg4 $19 36. Kg1
Kg8 $1 37. Rf1 Qd2 38. Rf2 Qxd3 {è ò.ä.)}) 34... Kh7 35. Be5 (35. Rg1 Qxf4 36.
Qd5 Bg4 {è ò.ä.}) 35... Qe2 36. Rg1 Bg4 37. Rxg4 (37. Qg2 Bf3 $19) 37... fxg4
38. d4 {Îáà-íà!} ({Áåçíàä¸æíî, ðàçóìååòñÿ è} 38. Kg1 Qxd3 {è ò.ä. Òåïåðü æå...}
) 38... Qf1# {Ìàò! Â íàòóðå! ;)} 0-1